18 Most Famous Cities in Yemen on a Map - Statistics

General Stats
  • This quiz has been taken 114 times
  • The average score is 6 of 18
Answers on the Map
Answers color-coded by a green-red scale on the quiz's map according to % correct below.
 
Answer Stats
Wiki Monthly Views Cityquiz Mention Rate Population Answers % Correct
58.79K 38.12% 1707.53K Sanaa
100%
52.16K 18.65% 588.94K Aden
88%
9.45K 3.11% 466.97K Taiz
69%
5.13K 1.17% 212.99K Ibb
45%
8.56K 1.73% 409.99K Al Hudaydah
40%
5.33K 1.71% 182.48K Mukalla
34%
3.64K 0.25% 51.87K Saada
33%
1.55K 0.60% 146.35K Dhamar
29%
15.29K - 14.56K Mokha
26%
10.52K - 13.32K Shibam
26%
1.88K - 49.08K Seiyun
24%
7.53K 0.66% 32.14K Marib
21%
3.37K 0.16% 21.58K Zabid
19%
3.44K 0.37% 8.54K Hadibu
12%
5.79K - 48.08K Tarim
12%
1.28K 0.22% 29.85K Al Bayda
10%
1.16K 0.21% 35.18K Hajjah
10%
1.30K 0.11% 20.07K Zinjibar
10%
No matching quizzes found
Score Distribution
Percent of People with Each Score
Percentile by Number Answered
Your Score History
You have not taken this quiz